| 000 | nam a22 7a 4500 | ||
|---|---|---|---|
| 999 |
_c23993 _d23993 |
||
| 008 | 170127b xxu||||| |||| 00| 0 eng d | ||
| 050 |
_aNK4165 _b.L215 1951 |
||
| 100 | _aSayer,Geoffrey R. | ||
| 245 |
_aT'ao-Lu, or the potteries of China/ _cGeoffrey R. Sayer |
||
| 260 |
_aLondon : _bRoutledge & Kegan Paul, _c1951 |
||
| 300 |
_axxiv,139p. : _c26cm. |
||
| 500 | _aincludes index. | ||
| 942 |
_2lcc _cBOOKS _hNK4165 .L215 1951 |
||